| 000 | 00381nam a2200145Ia 4500 | ||
|---|---|---|---|
| 008 | 230917s9999||||xx |||||||||||||| ||und|| | ||
| 040 |
_e46522 _aMAIN |
||
| 041 | _aEnglish | ||
| 082 | _a821.8 E46W:R | ||
| 100 | _aWilliam George | ||
| 245 | 0 | _aReader's guide to T S Eliot: A poem- by- poem analysis | |
| 260 |
_aLondon _bThomas and Hudson _c1968 |
||
| 300 | _a270 p. | ||
| 942 | _cBK | ||
| 999 |
_c60045 _d60045 |
||